| 000 | 01240nam a2200301 i 4500 | ||
|---|---|---|---|
| 001 | 186450 | ||
| 003 | SpMaBN | ||
| 005 | 20260616174833.0 | ||
| 008 | 161114s1950 ag |||| | spa d | ||
| 080 | _a821.111-14.09 | ||
| 080 | _a821.111 Wordsworth, William 1.07 | ||
| 080 | _a821.111 Byron, George Gordon Byron, Baron 1.07 | ||
| 080 | _a821.111 Shelley, Mary Wollstonecraft 1.07 | ||
| 100 | 1 |
_aArnold, Matthew. _923111 |
|
| 245 | 1 | 0 |
_aPoesía y poetas ingleses / _cMatthew Arnold ; [traducción del inglés, y prólogo, de Antonio Dorta]. |
| 250 | _a1ª ed. popular para la Colección austral. | ||
| 260 |
_aBuenos Aires : _bEspasa-Calpe Argentina, _c1950. |
||
| 300 |
_a147 p. ; _c18 cm. |
||
| 490 | 1 |
_aColección austral ; _v989 |
|
| 600 | 1 | 7 |
_aWordsworth, William, _d1770-1850- _xCrítica e interpretación _9161234 |
| 600 | 1 | 4 |
_aByron, George Gordon Byron, _cBaron, _d1788-1824- _xCrítica e interpretación _933028 |
| 600 | 1 | 7 |
_aShelley, Mary Wollstonecraft- _xCrítica e interpretación. _9161235 |
| 650 | 0 | 7 |
_aPoesía inglesa- _xHistoria y crítica. _916189 |
| 700 | 1 |
_aDorta, Antonio. _945440 |
|
| 830 | 0 |
_aColección austral _v989 _9177655 |
|
| 852 |
_aES-MaACL _jL-30804 _z. - Donat. Miguel A. Velasco |
||
| 999 |
_c186450 _d186450 |
||